000 02922cam a22012134i 4500
003 PE-LiUPU
005 20250813185432.0
008 190815s2014 ag a r 000 0 spa d
020 _a9873343873
020 _a9789873343872
035 _a(Sirsi) a252484
040 _aPE-LiUPU
_bspa
_cPE-LiUPU
_erda
049 _aPRUA
082 0 4 _a338.47
_bM88
_220
100 1 _aMotta, Alejandro,
_eautor.
245 1 4 _aLos ocho dominios del emprendedor /
_cAlejandro Motta.
250 _a1era. edición.
264 1 _a[Argentina],
_c2014.
300 _a90 páginas :
_bilustraciones ;
_c19 centímetros
336 _atext
_2rdacontent
337 _aunmediated
_2rdamedia
338 _avolume
_2rdacarrier
505 0 _aExplorando mi historia -- Encontrando mi misión -- Los pilares del emprendedor -- Responsabilidad, confianza y promesa -- Autoestima -- Niveles lógicos -- Objetivos -- Los ocho dominios -- Accionando en los ocho dominios -- Saltando de lo actual a lo deseado.
526 _aP202
526 _aP201
526 _aP163
526 _aP162
526 _aP161
526 _aP160
526 _aP148
526 _aP147
526 _aP146
526 _aP145
526 _aP144
526 _aP143
526 _aP142
526 _aP141
526 _aP140
526 _aP139
526 _aP138
526 _aP137
526 _aP136
526 _aP135
526 _aP134
526 _aP133
526 _aP129
526 _aP128
526 _aP127
526 _aP120
526 _aP119
526 _aP118
526 _aP116
526 _aP115
526 _aP114
526 _aP110
526 _aP109
526 _aP108
526 _aP104
526 _aP103
526 _aP102
526 _aP99
526 _aP98
526 _aP97
526 _aP96
526 _aP95
526 _aP93
526 _aP90
526 _aP89
526 _aP88
526 _aP83
526 _aP82
526 _aP62
526 _aP59
526 _aP58
526 _aP57
526 _aP51
526 _aP49
526 _aP48
526 _aP47
526 _aP29
526 _aP24
526 _aP20
526 _aP19
526 _aP17
526 _aP15
526 _aP14
526 _aP12
526 _aP10
526 _aP09
526 _aP08
526 _aP07
526 _aP06
526 _aP05
526 _aP04
526 _aP01
650 0 4 _aEmprendimientos.
910 _abgr
_bncf
_cncf
_d20190815
942 _2ddc
_cBOOK
994 _aC0
_bPEPRU
598 _aCATALOGING
596 _a1
999 _a338.47 M88
_wDEWEY
_c31711
_i80554
_f2021-11-5
_g3
_lCCODEBUL1
_mBUL
_p10.00
_r0
_sY
_tBOOK
_u2019-8-15
_xFCE
_PP04
_0DONACION
_o.STAFF. Colección Ciencias Empresariales
_d31711
980 _81
_gALBERTO SANCHEZ Responsable de Automatización